000 00563nam a2200193Ia 4500
003 GCL
008 140319s9999 xx 000 0 ara d
040 _aGCL /
_cGCL
082 0 4 _a891.7
_bس ق
100 1 _aساليتكوف - شورن
245 1 0 _aقصص مختارة (هدبة من الاديب عبدالفتاح الجمل) /
_cساليتكوف - شورن
700 1 _aمحمد بدران
300 _a343 ص
490 _a
650 0 4 _aالادب الشعبى
650 0 4 _aالقصص
650 0 4 _aالادب السوفيتى
942 _2ddc
_cBK
999 _c40395
_d40395